000 00663nam a2200241Ia 4500
001 52168
005 20240114005254.0
007 ta
008 100427s2007 a g b000 u asm u
020 _a978-81-7339-402-7
040 _aCotton College,Guwah
041 _aasm
082 _a928
_bGo 559 He
100 _aGohain, Dr. Hiren .
245 0 _aHengul Akash,Kola Chaikel,Ejan Arohi /
_cHiren Gohain.
_hTextual Documents
250 _a1st ed. /
260 _aGuwahati :
_bBanalata ,
_c2007.
300 _a197 :
_bIllustrated ;
653 _aG-Autobiography,Assamese Literature
942 _2ddc
_cBK
999 _c52132
_d52132